International Journal of Advances in Electronics and Computer Science

Saved in:
Bibliographic Details
Format: Serial
Language:English
Published: Khandagiri Institute of Research and Journals - IRAJ
Tags: Add Tag
No Tags, Be the first to tag this record!

MARC

LEADER 00000nls a2200000 4500
001 0302773
005 20260205092857.8
022 |a 2394-2835 
041 0 |a eng 
044 |a IN 
245 1 0 |a International Journal of Advances in Electronics and Computer Science 
264 1 |a Khandagiri  |b Institute of Research and Journals - IRAJ